History Quiz

Random History or Clickable Quiz

Eulogies Delivered by Obama Quiz Stats

 Plays Quiz Updated Dec 3, 2018

Challenge
Share
Tweet
Embed
Score 0/19 Timer 07:00
2 Plays Today
% Correct
Steve Jobs
96.2%
Leonard Nimoy
95.3%
Neil Armstrong
94.7%
Margaret Thatcher
92.2%
Robin Williams
92.2%
Nelson Mandela
91.5%
Michael Brown
90.4%
Hugo Chávez
89.3%
Maya Angelou
89.2%
John McCain
86.5%
% Correct
King Abdullah
85.2%
Pete Seeger
78.4%
Harold Ramis
78.2%
Norman Schwarzkopf
77.6%
Ray Bradbury
77.1%
Lena Horne
76%
Ben Bradlee
69.7%
Gabriel García Márquez
66.4%
Minnie Miñoso
55.8%

You're not logged in!

Compare scores with friends on all Sporcle quizzes.
OR
Log In

You Might Also Like...

Show Comments

Extras

Top Quizzes Today


Score Distribution

Your Account Isn't Verified!

In order to create a playlist on Sporcle, you need to verify the email address you used during registration. Go to your Sporcle Settings to finish the process.

Report this User

Report this user for behavior that violates our Community Guidelines.

Details: